| 000 | 01137nam a22001937a 4500 | ||
|---|---|---|---|
| 999 |
_c59882 _d59882 |
||
| 003 | Ge_BSU | ||
| 005 | 20230504161351.0 | ||
| 008 | 230504s1991 ge ||||| |||| 00| 0 geo d | ||
| 041 | _ageo | ||
| 080 | _a929.6(479.22) ს-32 | ||
| 245 |
_aსაქართველოს დროშები და გერბები ვახუშტი ბაგრატიონის მიხედვით / _c საქ. რესპ. მეცნ. აკად., გეოგრაფიისა და გეოეკოლოგიის ინ-ტი ; [შემდგ.: ნარგიზა გამცემლიძე, თამაზ კიკნაძე]. |
||
| 264 |
_aთბილისი : _bსამშობლო, _c1991. |
||
| 300 |
_a40 გვ. : _bილ. ; _c21 სმ. |
||
| 653 | _aსაქართველოს დროშები. | ||
| 653 | _aსაქართველოს გერბები. | ||
| 700 |
_aგამცემლიძე, ნ. _eშემდგენელი _917963 |
||
| 700 |
_aკიკნაძე, თ. _eშემდგენელი _917964 |
||
| 942 |
_2udc _cBK |
||